Guess the 1960s song lyrics #299 - Statistics

General Stats
  • This quiz has been taken 8 times
  • The average score is 88 of 147
Answer Stats
Answer % Correct
a
100%
and
100%
And
100%
by
100%
it
100%
no
100%
on
100%
the
100%
up
100%
You
100%
you
100%
your
100%
all
80%
down
80%
for
80%
go
80%
it's
80%
must
80%
to
80%
What
80%
are
60%
come
60%
find
60%
goes
60%
home
60%
is
60%
Just
60%
just
60%
let
60%
round
60%
shine
60%
spin
60%
Spinnin
60%
spinnin
60%
that
60%
troubles
60%
wheel
60%
Would
60%
alone
40%
Blood, Sweat, and Tears
40%
Did
40%
Drop
40%
got
40%
mind
40%
money
40%
never
40%
painted
40%
pony
40%
real
40%
Ride
40%
ride
40%
side
40%
sin
40%
spinning
40%
turn
40%
Catch
20%
colors
20%
cryin
20%
directing
20%
fly
20%
highway
20%
learn
20%
narrow
20%
river
20%
show
20%
sign
20%
Straight
20%
waiting
20%
within
20%
bout
0%
reflecting
0%
Someone
0%
Talkin
0%
true
0%
No matching quizzes found
Score Distribution
Percent of People with Each Score
Percentile by Number Answered
Your Score History
You have not taken this quiz